| 000 | 00667nam a2200229 a 4500 | ||
|---|---|---|---|
| 001 | 19064 | ||
| 003 | CO-ViMGA | ||
| 008 | 141112s2004 ck r 000 u spa d | ||
| 020 | _a8471121239 | ||
| 040 |
_aCO-ViMGA _bspa _cCO-ViMGA |
||
| 082 | 0 | 4 | _a155.4 B683m |
| 100 | 1 |
_aBower, Tom _927339 |
|
| 245 | 1 | 0 | _aEl Mundo perceptivo del niño |
| 250 | _a3 | ||
| 260 |
_aMadrid : _bMorata, _c1984 |
||
| 300 | _a126 p. | ||
| 490 | _aBruner, colección Psicología : el desarrollo en el niño | ||
| 590 |
_aForma de adquisición : Proyecto 2005 - - Precio : _42.300 |
||
| 650 | 1 | 4 |
_aPERCEPCION EN EL NIÑO _927340 |
| 650 | 1 | 4 |
_aPSICOLOGIA INFANTIL _91631 |
| 942 |
_2ddc _cBK |
||
| 999 |
_c28250 _d28250 |
||